000 00587nam a2200229Ia 4500
003 OSt
005 20220924153330.0
006 a|||||r|||| 00| 0
007 ta
008 220923b |||||||| |||| 00| 0 guj d
024 _a347924
037 _cTextual
040 _aARTS
_cARTS
_bguj
041 _2guj
_aguj
082 _aO156,1:g, K5
100 _aManjsudar Manjulal
_9228545
245 0 _aGianimani ladaiyono pavado
260 _c1965
650 _aGUJRATI LITERATURE
942 _hO156,1:g, K5
_cTEXL
_2CC
999 _c473183
_d473183